000 00763nam a2200265Ia 4500
003 OSt
005 20220918163432.0
006 a|||||r|||| 00| 0
007 ta
008 220917b |||||||| |||| 00| 0 eng d
020 _a0 85342 339 3
024 _a30,039
037 _cTextual
040 _aARTS
_cARTS
_beng
041 _2eng
_aeng
082 _aO111,3L94x, L3
100 _aCarleton William
_913154
245 0 _aWild goose lodge and other stories
260 _aCork
_bMercier Press
_c1973
300 _axxii,120p.
_ccm.
490 _aMercier Irish classics : traits & stories of the Irish peasantry; 1
650 _aENGLISH LITERATURE
942 _hO111,3L94x, L3
_cTEXL
_2CC
999 _c119604
_d119604